Цифровой моделирующий комплекс реального времени электроэнергетических систем "REAL-TIVE DIGITAL SIMULATOR (RTDS)": учебное пособие

ग्रंथसूची विवरण
निगमित लेखक: Национальный исследовательский Томский политехнический университет (ТПУ) Энергетический институт (ЭНИН) Кафедра электроэнергетических систем (ЭЭС)
अन्य लेखक: Андреев М. В. Михаил Владимирович, Рубан Н. Ю. Николай Юрьевич, Суворов А. А. Алексей Александрович, Гусев А. С. Александр Сергеевич, Боровиков Ю. С. Юрий Сергеевич, Уфа Р. А. Руслан Александрович
सारांश:Заглавие с титульного экрана
Электронная версия печатной публикации
В пособии представлены принципы использования цифрового моделирующего комплекса реального времени электроэнергетических систем RTDS. Приведенная информация позволяет изучить особенности функционирования, подключения и настройки моделирующего комплекса. Представлены лабораторные работы для студентов. Предназначено для бакалавров, обучающихся по направлению 13.03.02 "Электроэнергетика и электротехника", и магистрантов, обучающихся по направлению 13.04.02 "Электроэнергетика и электротехника".
Режим доступа: из корпоративной сети ТПУ
भाषा:रूसी
प्रकाशित: Томск, Изд-то ТПУ, 2016
विषय:
ऑनलाइन पहुंच:http://www.lib.tpu.ru/fulltext2/m/2017/m025.pdf
स्वरूप: इलेक्ट्रोनिक पुस्तक
KOHA link:https://koha.lib.tpu.ru/cgi-bin/koha/opac-detail.pl?biblionumber=329759

MARC

LEADER 00000nlm0a2200000 4500
001 329759
005 20240201112850.0
035 |a (RuTPU)RU\TPU\book\355527 
035 |a RU\TPU\book\355514 
090 |a 329759 
100 |a 20170321d2016 m y0rusy50 ca 
101 0 |a rus 
102 |a RU 
105 |a a j 001zy 
135 |a drcn ---uucaa 
181 0 |a i  
182 0 |a b 
200 1 |a Цифровой моделирующий комплекс реального времени электроэнергетических систем "REAL-TIVE DIGITAL SIMULATOR (RTDS)"  |e учебное пособие  |f М. В. Андреев [и др.]  |g Национальный исследовательский Томский политехнический университет (ТПУ) 
203 |a Текст  |c электронный 
210 |a Томск  |c Изд-то ТПУ  |d 2016 
300 |a Заглавие с титульного экрана 
300 |a Электронная версия печатной публикации 
330 |a В пособии представлены принципы использования цифрового моделирующего комплекса реального времени электроэнергетических систем RTDS. Приведенная информация позволяет изучить особенности функционирования, подключения и настройки моделирующего комплекса. Представлены лабораторные работы для студентов. Предназначено для бакалавров, обучающихся по направлению 13.03.02 "Электроэнергетика и электротехника", и магистрантов, обучающихся по направлению 13.04.02 "Электроэнергетика и электротехника". 
333 |a Режим доступа: из корпоративной сети ТПУ 
606 1 |a Электроэнергетические системы  |x Математическое моделирование  |2 stltpush  |3 (RuTPU)RU\TPU\subj\21048  |9 46097 
610 1 |a электронный ресурс 
610 1 |a учебные пособия 
610 1 |a труды учёных ТПУ 
610 1 |a цифровые комплесы 
610 1 |a моделирующие комплексы 
610 1 |a реальное время 
610 1 |a программно-технические комплексы 
610 1 |a программные модули 
610 1 |a лабораторные практикумы 
610 1 |a однофазные трансформаторы 
610 1 |a трехфазные асинхронные двигатели 
610 1 |a синхронные генераторы 
610 1 |a синхронизация 
675 |a 621.311.001.5(075.8)  |v 4 
701 1 |a Андреев  |b М. В.  |c специалист в области электроэнергетики  |c доцент Томского политехнического университета, кандидат технических наук  |f 1987-  |g Михаил Владимирович  |3 (RuTPU)RU\TPU\pers\28036 
701 1 |a Рубан  |b Н. Ю.  |c специалист в области электроэнергетики  |c доцент Томского политехнического университета, кандидат наук  |f 1988-  |g Николай Юрьевич  |3 (RuTPU)RU\TPU\pers\28037  |9 13000 
701 1 |a Суворов  |b А. А.  |c специалист в области электроэнергетики  |c доцент Томского политехнического университета, кандидат технических наук  |f 1990-  |g Алексей Александрович  |3 (RuTPU)RU\TPU\pers\35125  |9 18400 
701 1 |a Гусев  |b А. С.  |c специалист в области электроэнергетики  |c профессор Томского политехнического университета, доктор технических наук  |f 1947-  |g Александр Сергеевич  |3 (RuTPU)RU\TPU\pers\26725 
701 1 |a Боровиков  |b Ю. С.  |c специалист в области электроэнергетики  |c проректор-директор Энергетического института Томского политехнического университета, кандидат технических наук  |f 1978-  |g Юрий Сергеевич  |3 (RuTPU)RU\TPU\pers\27067 
701 1 |a Уфа  |b Р. А.  |c специалист в области электроэнергетики  |c доцент Томского политехнического университета, кандидат технических наук  |f 1988-  |g Руслан Александрович  |3 (RuTPU)RU\TPU\pers\30313  |9 14658 
712 0 2 |a Национальный исследовательский Томский политехнический университет (ТПУ)  |b Энергетический институт (ЭНИН)  |b Кафедра электроэнергетических систем (ЭЭС)  |3 (RuTPU)RU\TPU\col\18675 
801 1 |a RU  |b 63413507  |c 20131204 
801 2 |a RU  |b 63413507  |c 20171018  |g RCR 
856 4 |u http://www.lib.tpu.ru/fulltext2/m/2017/m025.pdf 
942 |c CF